000 00795nam a2200241Ia 4500
003 OSt
005 20220923225413.0
006 a|||||r|||| 00| 0
007 ta
008 220922b |||||||| |||| 00| 0 san d
024 _a266,218
037 _cTextual
040 _aARTS
_cARTS
_bsan
041 _2san
_asan
082 _aR631x31,1, 15M7
100 _aकपिल
245 0 _aसांख्य सूत्राणि, संपा द्वारिका दास शास्त्री
246 _aSāankhya sūtrāṇi, sanpā dvārikā dās shāstrī
260 _aवाराणसी
_b सुधी प्रकाशन
_c1987
300 _a119पृ0
_ccm.
942 _hR631x31,1, 15M7
_cTEXL
_2CC
999 _c378010
_d378010